Machine tool practices (Record no. 82274)
[ view plain ]
| 000 -LEADER | |
|---|---|
| fixed length control field | 00924nam a2200205 a 4500 |
| 008 - FIXED-LENGTH DATA ELEMENTS--GENERAL INFORMATION | |
| fixed length control field | 120416s1997 ||||||||||||||||| || u |
| 020 ## - INTERNATIONAL STANDARD BOOK NUMBER | |
| International Standard Book Number | 8120315006 |
| 050 ## - LIBRARY OF CONGRESS CALL NUMBER | |
| Classification number | TJ 1180.A2 Kib |
| 100 ## - MAIN ENTRY--PERSONAL NAME | |
| Personal name | Kibbe, Richard R |
| 245 10 - TITLE STATEMENT | |
| Title | Machine tool practices |
| 250 ## - EDITION STATEMENT | |
| Edition statement | 6th ed. |
| 260 ## - PUBLICATION, DISTRIBUTION, ETC. | |
| Place of publication, distribution, etc. | New Delhi |
| Name of publisher, distributor, etc. | Prentice-Hall of India |
| Date of publication, distribution, etc. | 1997 |
| 300 ## - PHYSICAL DESCRIPTION | |
| Extent | viii ;822p. ; ill. |
| 350 ## - | |
| -- | 0.00 |
| 650 #7 - SUBJECT ADDED ENTRY--TOPICAL TERM | |
| Topical term or geographic name entry element | TECHNOLOGY |
| Source of heading or term | fast |
| 650 ## - SUBJECT ADDED ENTRY--TOPICAL TERM | |
| Topical term or geographic name entry element | MACHINE--TOOLS |
| 995 ## - | |
| -- | MAIN LIBRARY OPEN ACCESS |
| -- | 0.00 |
| -- | 732407 |
| -- | CBU-MAIN LIBRARY (Kitwe) |
| -- | 3 |
| -- | 50.00 |
| -- | TJ 1180.A2 Kib |
| -- | 3 |
| -- | AVAILABLE |
| -- | 44582 |
| -- | Main Library Open Access Collection |
| 995 ## - | |
| -- | BINDERY (DAMAGED) |
| -- | 0.00 |
| -- | 732408 |
| -- | CBU-MAIN LIBRARY (Kitwe) |
| -- | 1 |
| -- | 50.00 |
| -- | TJ 1180.A2 Kib |
| -- | 1 |
| -- | DAMAGED |
| -- | 44584 |
| -- | Main Library Open Access Collection |
| 995 ## - | |
| -- | MAIN LIBRARY OPEN ACCESS |
| -- | 0.00 |
| -- | 732406 |
| -- | CBU-MAIN LIBRARY (Kitwe) |
| -- | 2 |
| -- | 50.00 |
| -- | TJ 1180.A2 Kib |
| -- | 2 |
| -- | AVAILABLE |
| -- | 44579 |
| -- | Main Library Open Access Collection |
| 999 ## - | |
| -- | 82274 |
| -- | 82274 |
| Withdrawn status | Lost status | Source of classification or shelving scheme | Damaged status | Not for loan | Permanent Location | Current Location | Shelving location | Date acquired | Total Checkouts | Full call number | Barcode | Date last seen | Copy number | Price effective from | Koha item type |
|---|---|---|---|---|---|---|---|---|---|---|---|---|---|---|---|
| CBU-MAIN LIBRARY, KITWE. | CBU-MAIN LIBRARY, KITWE. | 09/27/2023 | TJ 1180.A2 Kib | 44582 | 09/27/2023 | 1 | 09/27/2023 | MONOGRAPH | |||||||
| CBU-MAIN LIBRARY, KITWE. | CBU-MAIN LIBRARY, KITWE. | 09/27/2023 | TJ 1180.A2 Kib | 44584 | 09/27/2023 | 2 | 09/27/2023 | MONOGRAPH | |||||||
| CBU-MAIN LIBRARY, KITWE. | CBU-MAIN LIBRARY, KITWE. | 09/27/2023 | TJ 1180.A2 Kib | 44579 | 09/27/2023 | 3 | 09/27/2023 | MONOGRAPH |